Tableaux de peintres célèbres - Statistiques

Statistiques générales
  • Ce quiz a été pris 772 fois
  • Le résultat moyen est 7 sur 11
Statistiques - réponses
Hint Réponse % Correct
Le cri Edvard Much
91%
Déjeuner sur l'herbe Edouard Manet
87%
Impression Soleil Levant Claude Monet
86%
La naissance de Vénus Sandro Botticelli
78%
Femmes de Tahiti Paul Gauguin
76%
Tres de mayo Francisco de Goya
74%
Le baiser Gustav Klimt
65%
Les Ménines Diego Velazquez
57%
La Leçon d'anatomie du docteur Tulp Rembrandt
50%
La trahison des images René Magritte
43%
L'homme à la guitare George Braque
27%
Aucun quiz correspondant
Distribution des résultats
% des personnes avec chaque résultat
Percentile par nombre de réponses
Votre historique - résultats
Vous n’avez pas pris ce quiz